000 00267nam a2200097 a 4500
005 20200930070458.0
008 110907s1797 000 spa d
245 3 _aEl viaje universal, รณ noticia del mundo antiguo y nuevo.
260 _aMadrid,
_c1797.
999 _c33225
_d33225
040 _aDO-SdBNP